| 000 -LEADER |
| fixed length control field |
00850nam a2200205Ia 4500 |
| 001 - CONTROL NUMBER |
| control field |
11184 |
| 003 - CONTROL NUMBER IDENTIFIER |
| control field |
GE_BSU |
| 008 - FIXED-LENGTH DATA ELEMENTS--GENERAL INFORMATION |
| fixed length control field |
181216s||||||||xx |||||||||||||| ||und|| |
| 040 ## - CATALOGING SOURCE |
| Transcribing agency |
GE_BSU |
| 080 ## - UNIVERSAL DECIMAL CLASSIFICATION NUMBER |
| Universal Decimal Classification number |
811.353.1(038) |
| 100 ## - MAIN ENTRY--PERSONAL NAME |
| Personal name |
Церцвадзе,И.И. |
| 245 ## - TITLE STATEMENT |
| Title |
Словарь русских словосочетаний о зависимой управляемой формой и их грузинских эквивалентов. |
| 245 ## - TITLE STATEMENT |
| Statement of responsibility, etc. |
Ред:Розенталь Д.Э. Кавтарадзе И.И. |
| 260 ## - PUBLICATION, DISTRIBUTION, ETC. |
| Place of publication, distribution, etc. |
Тбилиси |
| 260 ## - PUBLICATION, DISTRIBUTION, ETC. |
| Name of publisher, distributor, etc. |
Тбилисского ун-та. |
| 260 ## - PUBLICATION, DISTRIBUTION, ETC. |
| Date of publication, distribution, etc. |
1980. |
| 300 ## - PHYSICAL DESCRIPTION |
| Extent |
707стр,22см. |
| 653 ## - INDEX TERM--UNCONTROLLED |
| Uncontrolled term |
Словарь русских словосочетаний о зависимой управляемой формой и их грузинских эквивалентов. |
| 942 ## - ADDED ENTRY ELEMENTS (KOHA) |
| Koha item type |
წიგნი |